Percy jackson :) CHARACTERS - Statistics

General Stats
  • This quiz has been taken 79 times
  • The average score is 8 of 16
Answer Stats
Answer Answer Answr Answer Answer % Correct
annabeth athena tyson bianca mellie
88%
percy mars juniper nico coach hedge
88%
frank hades silena connor
78%
hazel minerva ella marie
75%
jason neptune kronos zoe
75%
piper zeus charles will
71%
leo jupiter chris rachel
69%
grover poseidon gaea maria
65%
luke apollo mercury magnus
49%
clarisse demeter venus reyna
42%
thalia artemis may meg
39%
ares vulcan gabe bellona
26%
ethan circe hermes hylla
17%
calypso diana sally dionysus
7%
drew pluto aphrodite travis
7%
bob hephaestus paul bacchus
3%
No matching quizzes found
Score Distribution
Percent of People with Each Score
Percentile by Number Answered
Your Score History
You have not taken this quiz